00341pab a2200121 454500008004000000100002400040245006300064260000900127300001300136362001100149650002500160773003400185180718b2017 xxu||||| |||| 00| 0 eng d aDatta, Pradip Kumar aRabindranath's praxis: perspectives on remaking the social c2017 ap.38-39. a13 May aTagore, Rabindranath aEconomic and Political Weekly